Junácká stezka

Další autoři: Foglar, Jaroslav, 1907-1999, Vápenka, Ivan, 1943-, Svojše, Jaroslav, 1920-1983, Seton, Ernest Thompson, 1860-1946, Petráček, Jiří, 1941-2024, Růžička, Dan, 1961-, Zeman, Karel, 1950-, Zeman, Karel, 1950-, Vybíral, J., Červinka, Josef., Voksa, Stanislav, 1938-2023., Kocián, Michal, 1960-
Jazyk: Čeština
Vydáno: [Žalkovice] : Josef Vybíral, [2024]
Vydání: 1. vydání
Edice: Galerie českého komiksu
Témata:
Fyzický popis: 87 stran : ilustrace (převážně barevné), faksimile ; 31 cm
Knihy
Uloženo v:
LEADER 02941nam a2200637 i 4500
001 nkc20243639237
003 CZ PrNK
005 20241127094558.0
007 ta
008 241024t20242024xr ah c 6 000 1 cze
015 |a cnb003639237 
020 |a 978-80-88617-22-8  |q (vázáno) 
035 |a (OCoLC)1477948491 
040 |a OLA001  |b cze  |e rda 
072 7 |a 741.52  |x Komiksy. Komiksové adaptace  |2 Konspekt  |9 21 
072 7 |a 821-93  |x Literatura pro děti a mládež (beletrie)  |2 Konspekt  |9 26 
080 |a 741.52(0:82-321.3)  |2 MRF 
080 |a 821-93  |2 MRF 
080 |a (082.21)  |2 MRF 
245 0 0 |a Junácká stezka 
250 |a 1. vydání 
264 1 |a [Žalkovice] :  |b Josef Vybíral,  |c [2024] 
264 4 |c ©2024 
300 |a 87 stran :  |b ilustrace (převážně barevné), faksimile ;  |c 31 cm 
336 |a text  |b txt  |2 rdacontent 
336 |a statický obraz  |b sti  |2 rdacontent 
337 |a bez média  |b n  |2 rdamedia 
338 |a svazek  |b nc  |2 rdacarrier 
490 1 |a Galerie českého komiksu 
500 |a Obálkový podnázev: kreslené seriály skautských legend 
504 |a Obsahuje bibliografické odkazy 
505 0 |a Boj na Čertovce / podle povídky J. Foglara a inspirováno scénářem I. Vápenky, upravil a nakreslil K. Zeman -- Tajemství Jezera sedmi světel / volně na motivy povídek J. Svojše napsal J. Vybíral, nakreslil J. Petráček -- Trojka / napsal J.Č. Grifin, nakreslil D. Růžička -- Tábor Slunce / napsal S. Voksa Wimpy, nakreslil J. Petráček -- Družina se bojí pověstí / podle francouzské povídky upravil a nakreslil K. Zeman -- Král vlků / volně na motivy povídky E.T. Setona napsal a nakreslil M. Kocián 
655 7 |a akční a dobrodružné komiksy  |7 fd1057471  |2 czenas 
655 7 |a výbory  |7 fd133853  |2 czenas 
655 7 |a publikace pro děti  |7 fd133156  |2 czenas 
655 9 |a action and adventure comics  |2 eczenas 
655 9 |a selected works  |2 eczenas 
655 9 |a children's literature  |2 eczenas 
700 1 |a Foglar, Jaroslav,  |d 1907-1999  |7 jk01031485  |4 ant 
700 1 |a Vápenka, Ivan,  |d 1943-  |7 jx20090402018  |4 ant 
700 1 |a Svojše, Jaroslav,  |d 1920-1983  |7 jk01122135  |4 ant 
700 1 |a Seton, Ernest Thompson,  |d 1860-1946  |7 jn19990007461  |4 ant 
700 1 |a Petráček, Jiří,  |d 1941-2024  |7 jn20001005407  |4 ill 
700 1 |a Růžička, Dan,  |d 1961-  |7 jo2016900429  |4 ill 
700 1 2 |a Zeman, Karel,  |d 1950-  |t Boj na Čertovce 
700 1 2 |a Zeman, Karel,  |d 1950-  |t Družina se bojí pověstí 
700 1 2 |a Vybíral, J.  |t Tajemství Jezera sedmi světel 
700 1 2 |a Červinka, Josef.  |t Trojka 
700 1 2 |a Voksa, Stanislav,  |d 1938-2023.  |t Tábor Slunce 
700 1 2 |a Kocián, Michal,  |d 1960-  |t Král vlků 
830 0 |a Galerie českého komiksu  |0 s 
910 2 |a BOA001  |b 4-1535.358 
990 |a BK 
995 |a 01 
991 |b 202411  |c NOV 
996 6 |b 2610987360  |c 4-1535.358  |l MZK  |r Sklad / do 1 hodiny  |n 1  |p p.v.  |w 001985433  |u 000010  |a 1  |e BOA001  |j MZK50  |s P